<?xml version='1.0' encoding='UTF-8'?>
  <record xmlns="http://www.loc.gov/MARC21/slim">
    <leader>00000ctm a22000007a 4500</leader>
    <controlfield tag="001">ocn965407617</controlfield>
    <controlfield tag="003">OCoLC</controlfield>
    <controlfield tag="005">20250629065428.5</controlfield>
    <controlfield tag="008">150219q13251500ne            000 0 lat d</controlfield>
    <datafield tag="040" ind1=" " ind2=" ">
      <subfield code="a">QGJ</subfield>
      <subfield code="b">dut</subfield>
      <subfield code="c">QGJ</subfield>
    </datafield>
    <datafield tag="035" ind1=" " ind2=" ">
      <subfield code="a">(OCoLC)965407617</subfield>
    </datafield>
    <datafield tag="245" ind1="0" ind2="0">
      <subfield code="a">Antiphonale.</subfield>
      <subfield code="h">[muziekhandschrift]</subfield>
      <subfield code="f">UBU Hs. 407 (Hs 3 J 6).</subfield>
    </datafield>
    <datafield tag="260" ind1=" " ind2=" ">
      <subfield code="a">[Het Sticht],</subfield>
      <subfield code="c">[1325-1500]</subfield>
    </datafield>
    <datafield tag="300" ind1=" " ind2=" ">
      <subfield code="a">1 partituur (390 fol.) :</subfield>
      <subfield code="b">gedecoreerde initialen met randversiering ;</subfield>
      <subfield code="c">324 x 244 mm.</subfield>
    </datafield>
    <datafield tag="336" ind1=" " ind2=" ">
      <subfield code="a">notated music</subfield>
      <subfield code="b">ntm</subfield>
      <subfield code="2">rdacontent</subfield>
    </datafield>
    <datafield tag="336" ind1=" " ind2=" ">
      <subfield code="a">text</subfield>
      <subfield code="b">txt</subfield>
      <subfield code="2">rdacontent</subfield>
    </datafield>
    <datafield tag="337" ind1=" " ind2=" ">
      <subfield code="a">unmediated</subfield>
      <subfield code="b">n</subfield>
      <subfield code="2">rdamedia</subfield>
    </datafield>
    <datafield tag="338" ind1=" " ind2=" ">
      <subfield code="a">volume</subfield>
      <subfield code="b">nc</subfield>
      <subfield code="2">rdacarrier</subfield>
    </datafield>
    <datafield tag="340" ind1=" " ind2=" ">
      <subfield code="a">perkament</subfield>
      <subfield code="k">1 kolom, 13 regels, littera textualis.</subfield>
    </datafield>
    <datafield tag="500" ind1=" " ind2=" ">
      <subfield code="a">Retro-invoer Handschriften UB Utrecht.</subfield>
    </datafield>
    <datafield tag="500" ind1=" " ind2=" ">
      <subfield code="a">Datering: 2de kwart van de 14de eeuw; fol. 1-29 en 379-389: toevoegingen uit de 15de eeuw.</subfield>
    </datafield>
    <datafield tag="524" ind1=" " ind2=" ">
      <subfield code="a">Te citeren als: Universiteitsbibliotheek Utrecht Hs. 407 (Hs 3 J 6).</subfield>
    </datafield>
    <datafield tag="581" ind1=" " ind2=" ">
      <subfield code="a">P.A. Tiele, Catalogus codicum manu scriptorum Bibliothecae Universitatis Rheno-Trajectinae. I. Trajecti ad Rhenum / Hagae Comitis 1887. P. 139.</subfield>
    </datafield>
    <datafield tag="581" ind1=" " ind2=" ">
      <subfield code="a">A. Hulshof, Catalogus codicum manu scriptorum Bibliothecae Universitatis Rheno-Traiectinae. II. Traiecti ad Rhenum 1909. P. 64.</subfield>
    </datafield>
    <datafield tag="581" ind1=" " ind2=" ">
      <subfield code="a">P. Séjourné, Ordinarius S. Martini Traiectensis. Utrecht 1920. P. 28 nt. 6, p. 39b nt. 1, p. 46b nt. 4, p. 89, 92 nt. 3, p. 99 nt. 1.</subfield>
    </datafield>
    <datafield tag="581" ind1=" " ind2=" ">
      <subfield code="a">Het Adriaansofficie. Critische uitgave volgens Ms. Utr. UB. 406 door een team van candidaten in de Muziekwetenschap o.l.v. H. Wagenaar-Nolthenius. Utrecht 1968. (= Scripta musicologica Ultrajectina) 2).</subfield>
    </datafield>
    <datafield tag="581" ind1=" " ind2=" ">
      <subfield code="a">R.J. de Neeve, Historia de transfiguracione Ihesu Christi. Critische uitgave volgens Ms. Utr. UB 406. Utrecht 1971 (gestencild). (= Scripta musicologica Ultrajectina. Werkstukken van Utrechtse musicologen 3). P. VII, 2, 12-15, 33-46.</subfield>
    </datafield>
    <datafield tag="581" ind1=" " ind2=" ">
      <subfield code="a">M. Breij, Sint Maarten schutspatroon van Utrecht. Utrecht 1988. P. 43-84 (p. 40: afb. van fol. 315v).</subfield>
    </datafield>
    <datafield tag="581" ind1=" " ind2=" ">
      <subfield code="a">K. Kloosterman-van Oorschot, Beschrijving van handschrift 407, Antiphonarium. Scriptie Werkgroep Muziekwetenschap Universiteit Utrecht, 1989.</subfield>
    </datafield>
    <datafield tag="581" ind1=" " ind2=" ">
      <subfield code="a">K. van der Horst, Illuminated and decorated medieval manuscripts in the University Library, Utrecht. An illustrated catalogue. Maarssen / 's-Gravenhage 1989. P. 4-5 nr. 10, afb. 56-60.</subfield>
    </datafield>
    <datafield tag="581" ind1=" " ind2=" ">
      <subfield code="a">I. de Loos, 'De neumletter S als chromatische aanwijzing in het Antifonale Utrecht, UB, 406', in: Tijdschrift voor gregoriaans, 15 (1990), nr. 2, p. 50-55.</subfield>
    </datafield>
    <datafield tag="581" ind1=" " ind2=" ">
      <subfield code="a">P. Oudshoorn Seculorum Amen. Een onderzoek naar de differentiae in het Utrechtse Antiphonarium UB, Hs. 407. Doctoraalscriptie Muziekwetenschap Univ. Utrecht, 1990.</subfield>
    </datafield>
    <datafield tag="581" ind1=" " ind2=" ">
      <subfield code="a">I. de Loos, Voorlopige inventaris van de Antifonales Utrecht UB 406 en 407, Karlruhe Aug. Perg. 60 en het Antifonale uit St. Denis (Parijs BN 17296). Typoscript, 1991.</subfield>
    </datafield>
    <datafield tag="581" ind1=" " ind2=" ">
      <subfield code="a">I. de Loos, 'Plange quasi virgo. An Archaeological study of the Utrecht responsory tradition', in: The Di Martinelli Music Collection. Musical Life in Collegiate Churches in the Low Countries and Europe. Chant and Polyphony. Colloquium Proceedings 1997-1998. Eds. B. Bouckaert &amp; E. Schreurs. Leuven 2000, p. 169-191. (= Yearbook of the Alamire Foundation 4).</subfield>
    </datafield>
    <datafield tag="581" ind1=" " ind2=" ">
      <subfield code="a">G. Gerritsen-Geywitz, 'Die Chorbücher des Utrechter Marienkapitels aus kodikologischer sicht', in: Tijdschrift van de Koninklijke Vereniging voor Nederlandse Muziekgeschiedenis 53 (2003) 1-2, p. 277- 312.</subfield>
    </datafield>
    <datafield tag="581" ind1=" " ind2=" ">
      <subfield code="a">G. Gerritsen-Geywitz, 'Veertiende-eeuws Utrechts penwerk', in: Manuscripten en miniaturen. Studies aangeboden aan Anne S. Korteweg bij haar afscheid van de Koninklijke Bibliotheek. Zutphen 2007, p. 101-112. (=Bijdragen tot de geschiedenis van de Nederlandse boekhandel, N.R., 8). P. 106, 112 nt. 35, afb. op p. 107.</subfield>
    </datafield>
    <datafield tag="581" ind1=" " ind2=" ">
      <subfield code="a">Beeldschone Boeken. De Middeleeuwen in goud en inkt. Tent. cat. Museum Catharijneconvent, Utrecht. Zwolle 2009. P. 36, afb. op p. 135.</subfield>
    </datafield>
    <datafield tag="581" ind1=" " ind2=" ">
      <subfield code="a">B. Jaski, 'Een codicologische queeste naar de oudste handschriften en handschriftfragmenten uit de bibliotheek van de Paulusabdij', in: De nalatenschap van de Paulusabdij in Utrecht. Red. H. van Engen &amp; K. van Vliet. Hilversum 2012, p. 103-169 (= Middeleeuwse studies en bronnen 130). P. 146 nt. 127.</subfield>
    </datafield>
    <datafield tag="530" ind1=" " ind2=" ">
      <subfield code="a">Also available in online version.</subfield>
    </datafield>
    <datafield tag="655" ind1=" " ind2="7">
      <subfield code="a">Handschriften (vorm)</subfield>
      <subfield code="0">088143309</subfield>
      <subfield code="2">gtt</subfield>
    </datafield>
    <datafield tag="710" ind1="2" ind2=" ">
      <subfield code="a">Kapittel van Ste Marie (Utrecht)</subfield>
      <subfield code="e">former owner.</subfield>
      <subfield code="4">fmo</subfield>
      <subfield code="5">NL-UtRU</subfield>
    </datafield>
    <datafield tag="776" ind1="0" ind2="8">
      <subfield code="i">Online version:</subfield>
      <subfield code="t">Antiphonale.</subfield>
      <subfield code="d">[Het Sticht], [1325-1500]</subfield>
    </datafield>
    <datafield tag="856" ind1="4" ind2="1">
      <subfield code="u">http://objects.library.uu.nl/reader/resolver.php?obj=002652033&amp;type=2</subfield>
      <subfield code="x">Online</subfield>
      <subfield code="z">Full Text</subfield>
    </datafield>
    <datafield tag="936" ind1=" " ind2=" ">
      <subfield code="a">BATCHLOAD</subfield>
    </datafield>
  </record>